Structures for organizing knowledge : (Record no. 31363)
[ view plain ]
| 000 -LEADER | |
|---|---|
| fixed length control field | 01375nam a22002537a 4500 |
| 001 - CONTROL NUMBER | |
| control field | 16303391 |
| 003 - CONTROL NUMBER IDENTIFIER | |
| control field | OSt |
| 005 - DATE AND TIME OF LATEST TRANSACTION | |
| control field | 20190131092116.0 |
| 008 - FIXED-LENGTH DATA ELEMENTS--GENERAL INFORMATION | |
| fixed length control field | 190131b ||||| |||| 00| 0 eng d |
| 020 ## - INTERNATIONAL STANDARD BOOK NUMBER | |
| International Standard Book Number | 9781555706999 (alk. paper) |
| 020 ## - INTERNATIONAL STANDARD BOOK NUMBER | |
| International Standard Book Number | 1555706991 (alk. paper) |
| 035 ## - SYSTEM CONTROL NUMBER | |
| System control number | (OCoLC)ocn645246127 |
| 040 ## - CATALOGING SOURCE | |
| Original cataloging agency | MMU |
| Transcribing agency | MMU |
| Modifying agency | MMU |
| Language of cataloging | eng |
| 050 00 - LIBRARY OF CONGRESS CALL NUMBER | |
| Classification number | Z666.5 |
| Item number | .A23 2010 |
| 082 00 - DEWEY DECIMAL CLASSIFICATION NUMBER | |
| Classification number | 025 |
| Edition number | 22 |
| 100 1# - MAIN ENTRY--PERSONAL NAME | |
| Personal name | Abbas, June, |
| Dates associated with a name | 1964- |
| 245 10 - TITLE STATEMENT | |
| Title | Structures for organizing knowledge : |
| Remainder of title | exploring taxonomies, ontologies, and other schemas / |
| Statement of responsibility, etc. | June Abbas. |
| 260 ## - PUBLICATION, DISTRIBUTION, ETC. (IMPRINT) | |
| Place of publication, distribution, etc. | New York : |
| Name of publisher, distributor, etc. | Neal-Schuman Publishers, |
| Date of publication, distribution, etc. | c2010. |
| 300 ## - PHYSICAL DESCRIPTION | |
| Extent | xxi, 249 p. : |
| Other physical details | ill. ; |
| Dimensions | 23 cm. |
| 504 ## - BIBLIOGRAPHY, ETC. NOTE | |
| Bibliography, etc | Includes bibliographical references and index. |
| 505 0# - FORMATTED CONTENTS NOTE | |
| Formatted contents note | Introduction to structures for organizing knowledge -- Historical perspectives and development of structures for organizing knowledge -- Standards and best practices -- Disciplinary uses and applications of knowledge structures -- Structures for organizing knowledge in personal and professional contexts -- Social knowledge-organizing behaviors and socially-constructed structures for organizing knowledge : research and discussion -- Extending our thinking : creating a structure for organizing knowledge from various threads -- Thinking ahead : are we at a crossroads? |
| 650 #0 - SUBJECT ADDED ENTRY--TOPICAL TERM | |
| Topical term or geographic name as entry element | Information organization. |
| 942 ## - ADDED ENTRY ELEMENTS (KOHA) | |
| Source of classification or shelving scheme | Library of Congress Classification |
| Koha item type | L |
| Withdrawn status | Lost status | Source of classification or shelving scheme | Damaged status | Not for loan | Home library | Current library | Date acquired | Source of acquisition | Cost, normal purchase price | Total Checkouts | Full call number | Barcode | Date last seen | Price effective from | Koha item type |
|---|---|---|---|---|---|---|---|---|---|---|---|---|---|---|---|
| Library of Congress Classification | Maasai Mara University Library -Main Campus | Maasai Mara University Library -Main Campus | 01/31/2019 | Donation- Rrattansi Educational Trust | 22.00 | Z66.5 .A23 2010 | 17037230 | 01/31/2019 | 01/31/2019 | L |